000 00454nam a2200193Ia 4500
005 20250326144127.0
008 250326s9999 xx 000 0 und d
037 _aTextbook
040 _aFMSL
_beng
_cFMSL
041 _aeng
_2eng
084 _aO1113 P6
_qFMSL
100 _aKapur Manju
245 0 _aHome
_cKapur Manju
260 _c2006
365 _b728
650 _aNovel
942 _cTB
_hO1113 P6
999 _c1302463
_d1302463